00741cam a22002414a 450000100090000000300040000900500170001300800410003001000170007102000310008802000460011904000180016505000240018308200150020710000180022224500410024026000440028130000200032565000360034565000230038165000140040485600810041814687749OSt20170121113221.0070108s2008 cau 000 0 eng  a 2007000042 a9780830743964 (hard cover) a9780830743865 (international trade paper) aDLCcDLCdDLC00aBV4596.B8bH44 200800a269/.22221 aHeeren, Rick.10aMarketplace miracles /cRick Heeren. aVentura, Calif. :bRegal Books,cc2008. a237p. ;c22 cm. 0aBusinesspeoplexReligious life. 0aEvangelistic work. 0aMiracles.413Table of contents onlyuhttp://www.loc.gov/catdir/toc/fy0803/2007000042.html